| 000 | 00000nam##2200000za#4500 |
| 001 | 9.640853 |
| 003 | CaOODSP |
| 005 | 20210624222855 |
| 007 | cr ||||||||||| |
| 008 | 150407|2007||||xxc|||||o f|0| 0 fre|d |
| 040 | |aCaOODSP|bfre |
| 043 | |an-cn--- |
| 086 | 1 |aE84-37/2007F-PDF |
| 110 | 1 |aCanada.|bDroits et Démocratie (Centre international des droits de la personne et du développement démocratique) |
| 245 | 13|aUn portrait des femmes autochtones d'Asie |h[ressource électronique] |
| 246 | 17|aAMAN - AIWN - Droits et Démocratie 2007 |
| 260 | |aMontréal - Québec : |bDroits et Démocratie (Centre international des droits de la personne et du développement démocratique) |cc2007. |
| 300 | |a21p.|btableaux, photographies |
| 590 | |a12-40-Supp|b2012-10-23 |
| 691 | 07|aCondition de la femme|2gcpds |
| 775 | 08|tPortrait of the indigenous women of Asia |w(CaOODSP)9.696745 |
| 856 | 40|ahttp://publications.gc.ca|qPDF|s2.18 Mo|uhttps://publications.gc.ca/collections/collection_2012/dd-rd/E84-37-2007-fra.pdf |